000 nam a22 a 4500
999 _c2766
_d2766
005 20170517162734.0
008 17051742004 enkk |00 | engd
020 _a0707715741
040 _aAKMAL
082 _a623.89 MAR
090 _a623.89
_bMAR
245 _aThe mariner's handbook, NP 100.
250 _a8th ed.
260 _aTaunton
_b United Kingdom Hydrographic Office,
_c2004.
300 _ax, 259 p.
_bcol. ill.
_c31 cm
650 _a Navigation
_vHandbooks, manuals, etc
_xSafety measures
_95838
942 _2ddc
_cBOOK